Luis Cernuda / (Record no. 71989)

MARC details
000 -LEADER
campo de control de longitud fija 00632nam a2200193 i 4500
001 - NÚMERO DE CONTROL
campo de control 71989
003 - IDENTIFICADOR DE NÚMERO DE CONTROL
campo de control ES-MaACL
005 - FECHA Y HORA DE LA ÚLTIMA TRANSACCIÓN
campo de control 20250630161401.0
007 - CAMPO FIJO DE DESCRIPCIÓN FÍSICA--INFORMACIÓN GENERAL
campo de control de longitud fija t|
008 - DATOS DE LONGITUD FIJA--INFORMACIÓN GENERAL
campo de control de longitud fija 040823s1977 sp ||||1| spa d
100 0# - ENTRADA PRINCIPAL--NOMBRE DE PERSONA
Nombre de persona Gil de Biedma, Jaime,
Fechas asociadas al nombre 1929-1990
9 (RLIN) 56787
245 10 - MENCIÓN DEL TÍTULO
Título Luis Cernuda /
Mención de responsabilidad, etc. Jaime Gil de Biezma, Juan Gil Albert, Luis Antonio de Villena.
260 ## - PUBLICACIÓN, DISTRIBUCIÓN, ETC.
Lugar de publicación, distribución, etc. Sevilla :
Nombre del editor, distribuidor, etc. Universidad de Sevilla,
Fecha de publicación, distribución, etc. [1977]
300 ## - DESCRIPCIÓN FÍSICA
Extensión 155 p. ;
Dimensiones 19 cm.
700 1# - ENTRADA AGREGADA--NOMBRE PERSONAL
Nombre de persona Gil-Albert, Juan,
Fechas asociadas al nombre 1904-1994
9 (RLIN) 56757
700 1# - ENTRADA AGREGADA--NOMBRE PERSONAL
Nombre de persona Villena, Luis Antonio de,
Fechas asociadas al nombre 1951-
9 (RLIN) 240059
852 ## - LOCALIZACIÓN
Ubicación ES-MaACL
Número de control de estantería A-8743
Sublocalización o colección R.97483
Holdings
Estatus retirado Estado de pérdida Estado de daño No para préstamo Biblioteca de origen Biblioteca actual Ubicación en estantería Fecha de adquisición Fuente de adquisición Total de préstamos Signatura topográfica completa Código de barras Visto por última vez Precio de reemplazo Tipo de ítem Koha
        Biblioteca del Ateneo de Madrid Biblioteca del Ateneo de Madrid Depósito 1 17/01/2008     A-8743 1075359 23/02/2023 23/02/2023 Libro impreso